000 00388nam a22001337a 4500
003 SGT
082 _a362
_bKUM
100 _aKUMARI SHIPRA
245 _aAN INVESTIGATION OF HEALTH CARE PROFESSIONAL'S AWARENESS LEVEL AND READINESS FOR ADOPTION TOWARDS GREEN HOSPITAL
260 _aSGT UNIVERSITY
_bMANAGEMENT ( FCAM )
_c2023
300 _a133
650 _aMANAGEMENT
942 _2ddc
_cTH
999 _c33238
_d33238